¿Cuándo es nulo el matrimonio? Guía práctica de causas de nulidad para el asesoramiento jurídico de matrimonio en crisis.

محفوظ في:
التفاصيل البيبلوغرافية
المؤلف الرئيسي: Bianchi, Paolo G (autor)
مؤلفون آخرون: Ferrer Ortiz, Javier (traducción, revisión y notas), Garciamartín Montero, Carmen (traducción, revisión y notas), Ormazábal Albistur, Pablo (traducción, revisión y notas)
التنسيق: غير معروف
منشور في: Pamplona, España: Ediciones Universidad de Navarra, S.A., 2005.
الطبعة:Segunda edición.
سلاسل:Tratados y manuales.
الموضوعات:
الوسوم: إضافة وسم
لا توجد وسوم, كن أول من يضع وسما على هذه التسجيلة!

MARC

LEADER 00000 a2200000 4500
003 CL-VaPUC
005 20240503100934.0
008 240502t2005 ||||| |||| 00| 0 eng d
999 |c 443583  |d 443581 
020 |a 9788431323189 
040 |c Pontificia Universidad Católica de Valparaíso 
082 7 |2 22  |a 262.933 BIA 2005 
100 |a Bianchi, Paolo G  |9 297442  |e autor 
245 1 2 |a ¿Cuándo es nulo el matrimonio?   |b Guía práctica de causas de nulidad para el asesoramiento jurídico de matrimonio en crisis.  
250 |a Segunda edición.  
260 |a Pamplona, España:  |b Ediciones Universidad de Navarra, S.A.,   |c 2005. 
300 |a 272 páginas.  
490 |a Tratados y manuales.  
583 |k GC  |c 20240502 
650 0 |a Derecho canónico   |9 254934 
650 0 |a Matrimonio  |x Nulidad   |x Iglesia Católica  |z España  |9 888738 
700 |a Ferrer Ortiz, Javier  |e traducción, revisión y notas  |9 555486 
700 |a Garciamartín Montero, Carmen   |e traducción, revisión y notas  |9 888739 
700 |a Ormazábal Albistur, Pablo  |e traducción, revisión y notas  |9 888740 
942 |2 ddc  |c BK 
952 |0 0  |1 0  |2 ddc  |4 0  |6 262_933000000000000_BIA_2005  |7 0  |8 A  |9 594325  |a BIBTEO  |b BIBTEO  |d 2024-05-02  |e 1  |g 38364.00  |i 5660937  |o 262.933 BIA 2005  |p 5660937  |r 2025-01-17  |t 1  |v 38364.00  |w 2024-05-02  |y BK  |k LDC 
952 |0 0  |1 0  |2 ddc  |4 0  |6 262_933000000000000_BIA_2005  |7 0  |8 A  |9 594326  |a BIBTEO  |b BIBTEO  |d 2024-05-02  |e 1  |g 38364.00  |i 5660938  |l 1  |m 3  |o 262.933 BIA 2005  |p 5660938  |r 2025-01-17  |s 2024-05-10  |t 2  |v 38364.00  |w 2024-05-02  |y BK  |k LDC